Basında Türkiye-AB ilişkilerinin 50 yılı (1959-2009) (Record no. 2720)

MARC details
000 -BAŞLIK
Sabit Uzunlukta Kontrol Alanı 02826na a2200469 4500
001 - KONTROL NUMARASI
Denetim Alanı 14451
003 - KONTROL NUMARASI IDENTIFIER
Denetim Alanı MIRAKIL
005 - SON İŞLEM TARİHİ VE ZAMANI
Denetim Alanı 20181213154907.0
008 - SABİT-BOY VERİ ELEMANLARI - GENEL BİLGİLER
Sabit Uzunlukta Kontrol Alanı 160908b tu 000 0
020 ## - ULUSLARARASI STANDART KİTAP NUMARASI
Uluslararası Standart Kitap Numarası 9789754829426 (c.4)
020 ## - ULUSLARARASI STANDART KİTAP NUMARASI
Uluslararası Standart Kitap Numarası 9789754829419 (c.3)
020 ## - ULUSLARARASI STANDART KİTAP NUMARASI
Uluslararası Standart Kitap Numarası 9789754829402 (c.2)
020 ## - ULUSLARARASI STANDART KİTAP NUMARASI
Uluslararası Standart Kitap Numarası 9789754829396 (c.1)
035 ## - SİSTEM KONTROL NUMARASI
Sistem Kontrol Numarası 14451
040 ## - KATALOGLAMA KAYNAK
Orijinal Kataloglama Ajansı Milas
Kataloglama Dili tur
Metne Dönüştürmek Ajansı TR-AnCHP
082 ## - DEWEY ONLU SINIFLANDIRMA NUMARASI
Sınıflandırma Numarası 327.561
Ürün Numarası B27 2011
090 ## - SINIFLAMA NUMARASI
Sınıflama Numarası 327.561 B27 2011
245 ## - BAŞLIK TABLOSU
Başlık Basında Türkiye-AB ilişkilerinin 50 yılı (1959-2009)
Başlığın Kalan = 50 Years of Turkey-EU relations in the Turkish press (1959-2009)
-- = 50 Jahre EU-Türkei-Beziehungen in der Türkischen presse (1959-2009)
-- = 50 Ans de relations entre la Turquie l'UE dans la presse Turque (1959-2009)
Sorumluluk Tablosu, Vb editör = editor = herausgeber = editeur Erdem Denk ; tasarım uygulama = design - application = gestaltungsumsetzung = design - pratique Volkan Kaya, Turan Bacı ; fotoğraf = photograph = fotografie = photo Volkan Kaya, Turan Bacı ; çeviri & düzelti = Translation & correction = übersetzung & bearbeitung = traduction & correction İngilizce = English = Englisch = Anglais Burcu Sümer, Erdem Denk & Firdevs Robinson, Almanca = Deutsch = Deutsch = Allemand Herald Schüler & Tevfik Turan, Fransızca =French = Frenzösisch = Français Bora Ulutaş, & Nagehan Şen
246 ## - UNVAN FORM VARYING
Başlık Doğru / Kısa Başlığı Basında Türkiye-AB ilişkilerinin elli yılı (1959-2009)
246 ## - UNVAN FORM VARYING
Başlık Doğru / Kısa Başlığı 50 Ans de relations entre la Turquie l'UE dans la presse Turque (1959-2009)
246 ## - UNVAN FORM VARYING
Başlık Doğru / Kısa Başlığı 50 Jahre EU-Türkei-Beziehungen in der Türkischen presse (1959-2009)
246 ## - UNVAN FORM VARYING
Başlık Doğru / Kısa Başlığı 50 Years of Turkey-EU relations in the Turkish press (1959-2009)
260 ## - YAYIN, DAĞITIM, VB
Yayın, Dağıtım, Vb Yeri Ankara
Yayıncı, Dağıtıcı, Vs Adı Ankara Üniversitesi Avrupa Toplulukları Araştırma ve Uygulama Merkezi
Yayın, Dağıtım, Vb Tarihi 2011
300 ## - FİZİKSEL TANIM
Kapsam 4 c.
Diğer Fiziksel Ayrıntıları rnkl. res.; fotg.
Boyutlar 35 cm.
500 ## - GENEL NOT
Genel Not Taranan gazeteler : Hürriyet (1959-2009), Milliyet (1959-2009), (1987-2009),Yeni Çağ (2002-2009), Sabah (1987-2009), Yeni Yüzyıl(1991-2000), Radikal (1997-2009), Yeni Şafak (2000-2009)
505 ## - BİÇİMLENDİRİLDİ İÇİNDEKİLER NOT
Biçimlendirilmiş İçeriği Dikkat c. 1: (30.07.1959-05-06.1999)-c. 2: (14.10.1999-06.10.2004)-c.3: (07.10.2004-03.10.2005) - c.4: (04.10.2005-24.12.2009)
546 ## - DİL NOTU
Dil Notu Tükçe, İngilizce, Almanca ve Franzsızca metinler içerir.
651 ## - KONU KATMA GİRİŞ - COĞRAFİ ADI
Coğrafi İsim Türkiye
Genel Alt Bölümü Uluslararası ilişkiler
651 ## - KONU KATMA GİRİŞ - COĞRAFİ ADI
Coğrafi İsim Türkiye
Genel Alt Bölümü Dış ekonomik ilişkiler
Coğrafi Alt Bölümü Avrupa Birliği ülkeleri
651 ## - KONU KATMA GİRİŞ - COĞRAFİ ADI
Coğrafi İsim Avrupa Birliği ülkeleri
Genel Alt Bölümü Dış ekonomik ilişkiler
Coğrafi Alt Bölümü Türkiye
651 ## - KONU KATMA GİRİŞ - COĞRAFİ ADI
Coğrafi İsim Avrupa Birliği
Genel Alt Bölümü Dış ilişkiler
Kronolojik Alt Bölümü Basın
Coğrafi Alt Bölümü Türkiye
651 ## - KONU KATMA GİRİŞ - COĞRAFİ ADI
Coğrafi İsim Türkiye
Genel Alt Bölümü Dış ilişkiler
Kronolojik Alt Bölümü Basın
Coğrafi Alt Bölümü Avrupa Birliği
700 ## - KATMA GİRİŞ - KİŞİSEL İSİM
Kişisel Ad Şen, Nagehan
700 ## - KATMA GİRİŞ - KİŞİSEL İSİM
Kişisel Ad Ulutaş, Bora
700 ## - KATMA GİRİŞ - KİŞİSEL İSİM
Kişisel Ad Turan, Tevfik
700 ## - KATMA GİRİŞ - KİŞİSEL İSİM
Kişisel Ad Robinson, Firdevs
700 ## - KATMA GİRİŞ - KİŞİSEL İSİM
Kişisel Ad Sümer, Burcu
700 ## - KATMA GİRİŞ - KİŞİSEL İSİM
Kişisel Ad Bacı, Turan
700 ## - KATMA GİRİŞ - KİŞİSEL İSİM
Kişisel Ad Kaya, Volkan
700 ## - KATMA GİRİŞ - KİŞİSEL İSİM
Kişisel Ad Denk, Erdem
942 ## - EKLENDİ GİRİŞ ELEMANLARI (KOHA)
Sınıflandırma Veya Raf Düzeni Kaynak
Koha Öğesi Türü Books
999 ## - SİSTEM KONTROL NUMARALARI (KOHA)
Koha Biblionumber 2720
Koha Biblioitemnumber 2720
Holdings
Kalıcı Konum Mevcut Konum Edinme Tarihi Edinim Kaynak Seri Numaralandırma / Kronolojik Toplam Check-Out'Lar Tam Çağrı Numarası Barkod Tarih Son Görülme İtibaren Geçerli Fiyatlar Koha Öğesi Türü
CHP Kütüphanesi CHP Kütüphanesi 08/28/2016 Bağış c.9   327.561 B27 2011 002430 08/28/2016 08/28/2016 Books
CHP Kütüphanesi CHP Kütüphanesi 08/28/2016 Bağış     327.561 B27 2011 002431 08/28/2016 08/28/2016 Books
CHP Kütüphanesi CHP Kütüphanesi 08/28/2016 Bağış c.2   327.561 B27 2011 002432 08/28/2016 08/28/2016 Books
CHP Kütüphanesi CHP Kütüphanesi 08/28/2016 Bağış c.3   327.561 B27 2011 002433 08/28/2016 08/28/2016 Books